[Event "Corus B"]
[Site "Wijk aan Zee NED"]
[Date "2006.01.15"]
[Round "2"]
[White "Koneru,H"]
[Black "Cheparinov,I"]
[Result "1-0"]
[WhiteElo "2537"]
[BlackElo "2625"]
[EventDate "2006.01.14"]

1. d4 e6 2. Nf3 Nf6 3. c4 c5 4. e3 d5 5. cxd5 exd5 6. Bb5+ Nc6 7. O-O Bd6
8. dxc5 Bxc5 9. Qc2 Qd6 10. Bd2 Bd7 11. Bc3 Ne4 12. Bd4 Nxd4 13. Bxd7+ Qxd7
14. exd4 Bd6 15. Nc3 Rc8 16. Qe2 f5 17. Nxd5 O-O 18. Ne3 Rce8 19. Qc2 b5
20. a4 b4 21. Nc4 Rc8 22. Qd3 Bb8 23. Rfc1 Rfe8 24. Qb3 Qe6 25. Qxb4 Bf4
26. Rc2 a5 27. Qb5 Ng5 28. Nfe5 Red8 29. Na3 Rxc2 30. Nxc2 Qh6 31. h3 Bxe5
32. Qxe5 f4 33. Qxa5 Rf8 34. Qd5+ Kh8 35. Ne1 f3 36. Nxf3 Nxf3+ 37. gxf3
Qg6+ 38. Kh1 Qh6 39. a5 Qxh3+ 40. Kg1 Qh6 41. Qe4 Qg5+ 42. Qg4 Qd2 43. a6
Qxb2 44. Re1 Qa3 45. Re6 h6 46. Kg2 Rd8 47. Qe4 1-0

[Event "Corus B"]
[Site "Wijk aan Zee NED"]
[Date "2006.01.15"]
[Round "2"]
[White "Stellwagen,D"]
[Black "Vescovi,G"]
[Result "0-1"]
[WhiteElo "2573"]
[BlackElo "2633"]
[EventDate "2006.01.14"]

1. e4 e5 2. Nf3 Nc6 3. Bb5 a6 4. Ba4 Nf6 5. O-O Be7 6. Re1 b5 7. Bb3 O-O 8.
c3 d5 9. d4 exd4 10. e5 Ne4 11. cxd4 Bf5 12. Nbd2 Nb4 13. Nf1 c5 14. Ne3
Be6 15. dxc5 Bxc5 16. a3 Nc6 17. Bc2 Rc8 18. Qd3 Qc7 19. Nxd5 Bxd5 20. Qxd5
Bxf2+ 21. Kf1 Ne7 22. Qxe4 Qxc2 23. Qxc2 Rxc2 24. Re2 Rxe2 25. Kxe2 Bb6 26.
Be3 Bxe3 27. Kxe3 Rc8 28. Rd1 Nf5+ 29. Ke2 h5 30. Nd4 Nxd4+ 31. Rxd4 Rc5
32. Kf3 Rxe5 33. a4 g6 34. axb5 axb5 35. Rd6 Rf5+ 36. Ke3 Kf8 37. Rd7 Kg7
38. Rd6 Kh6 39. h4 Rc5 40. Kd3 Rc4 41. Rd4 Rxd4+ 42. Kxd4 g5 43. Kc5 f5 44.
Kxb5 f4 45. Kc4 f3 0-1

[Event "Corus B"]
[Site "Wijk aan Zee NED"]
[Date "2006.01.16"]
[Round "3"]
[White "Navara,D"]
[Black "Stellwagen,D"]
[Result "1-0"]
[WhiteElo "2660"]
[BlackElo "2573"]
[EventDate "2006.01.14"]

1. e4 e6 2. d4 d5 3. Nd2 Nf6 4. e5 Nfd7 5. Bd3 c5 6. c3 Nc6 7. Ne2 cxd4 8.
cxd4 f6 9. exf6 Nxf6 10. O-O Bd6 11. Nf3 Qc7 12. Bg5 O-O 13. Bh4 Nh5 14.
Qc2 h6 15. Bh7+ Kh8 16. Bg6 Rxf3 17. Bxh5 Bxh2+ 18. Kh1 Rf5 19. Bg6 Bd6 20.
Bxf5 exf5 21. Rae1 Bd7 22. Nc3 Qb6 23. Qd2 f4 24. Nxd5 Qb5 25. Nxf4 Bb4 26.
Qd1 Bxe1 27. Rxe1 Qf5 28. Bg3 Re8 29. Rxe8+ Bxe8 30. d5 Ne5 31. f3 Ng6 32.
Ne6 Bf7 33. Qd4 Bxe6 34. dxe6 Qxe6 35. Qxa7 Qd5 36. Qa4 Kh7 37. Qe4 Qxa2
38. Qxb7 h5 39. Qb4 Qd5 40. Kh2 Qg5 41. Qd4 Ne7 42. Bh4 Nf5 43. Bxg5 Nxd4
44. Kg3 Kg6 45. Be3 Nb3 46. Kf4 Kf6 47. Bb6 g6 48. Be3 Ke6 49. Kg5 Kf7 50.
f4 Na5 51. f5 gxf5 52. Kxf5 Nc4 53. Bd4 Nd6+ 54. Kg5 h4 55. Bc3 Nc4 56.
Kxh4 Ne3 57. g4 Kg6 58. b4 Nd5 59. b5 1-0

[Event "Corus B"]
[Site "Wijk aan Zee NED"]
[Date "2006.01.19"]
[Round "5"]
[White "Cheparinov,I"]
[Black "Smeets,J"]
[Result "1/2-1/2"]
[WhiteElo "2625"]
[BlackElo "2550"]
[EventDate "2006.01.14"]

1. d4 d5 2. c4 c6 3. Nf3 e6 4. Nc3 dxc4 5. Bg5 Qc7 6. g3 b5 7. Bg2 Bb7 8.
O-O Nd7 9. e4 Ngf6 10. Re1 a6 11. Qc2 Bb4 12. a3 Ba5 13. Bf4 Qb6 14. Rad1
O-O 15. Bd6 c5 16. dxc5 Nxc5 17. e5 Bxc3 18. bxc3 Nd5 19. Ng5 Nd3 20. Rxd3
cxd3 21. Qxd3 g6 22. Qe4 h6 23. Nxe6 Nxc3 24. Qxb7 Qxb7 25. Bxb7 fxe6 26.
Bxf8 Rxf8 27. Re3 Nd1 28. Re1 Nc3 29. Re3 Nd1 30. Rd3 Nxf2 31. Rd6 Ng4 32.
Bxa6 Nxe5 33. Bxb5 Kf7 34. a4 Rc8 35. Rd1 Rc2 36. Rf1+ Ke7 37. Rf2 Rc1+ 38.
Kg2 Ra1 39. Re2 Kd6 40. Rd2+ Kc5 41. Rc2+ Kd4 42. Rd2+ Kc5 43. Re2 Kd5 44.
Rd2+ Kc5 45. Rc2+ Kd6 46. Rd2+ Ke7 47. Re2 Nd7 48. Bc4 Nc5 49. Ba2 Kd6 50.
a5 e5 51. Bf7 Rxa5 52. Bxg6 Ke6 53. Kf3 Nd7 54. Re3 Nf6 55. Bc2 Rc5 56. Bb1
Nd5 57. Ba2 Kf5 58. g4+ Kf6 59. Bxd5 Rxd5 60. h4 Rd4 61. Re4 Rd3+ 62. Re3
Rd4 63. Ra3 h5 64. Ra6+ Kg7 65. gxh5 Rxh4 66. h6+ Rxh6 67. Rxh6 Kxh6 68.
Ke4 Kh5 69. Kxe5 1/2-1/2

[Event "Corus B"]
[Site "Wijk aan Zee NED"]
[Date "2006.01.19"]
[Round "5"]
[White "Almasi,Z"]
[Black "Stellwagen,D"]
[Result "1-0"]
[WhiteElo "2646"]
[BlackElo "2573"]
[EventDate "2006.01.14"]

1. e4 e6 2. d4 d5 3. Nc3 Nf6 4. Bg5 Bb4 5. e5 h6 6. Bd2 Bxc3 7. bxc3 Ne4 8.
Qg4 g6 9. Bd3 Nxd2 10. Kxd2 c5 11. Rb1 Nc6 12. Nf3 c4 13. Be2 Qe7 14. Qf4
b6 15. h4 Bd7 16. Qf6 Qxf6 17. exf6 O-O-O 18. Ne5 Be8 19. Ke3 Kc7 20. f4 h5
21. g4 hxg4 22. Bxg4 Rh6 23. Rbg1 Nxe5 24. dxe5 Ba4 25. Rh2 Rdh8 26. Rgh1
Kd8 27. h5 gxh5 28. Rxh5 Rxh5 29. Rxh5 Rg8 30. Bd1 Rg3+ 31. Kf2 Rxc3 32.
Rh8+ Kd7 33. Rf8 Bxc2 34. Rxf7+ Kc6 35. Re7 Bxd1 36. f7 Rf3+ 37. Ke1 Rxf4
38. Rxe6+ 1-0

[Event "Corus B"]
[Site "Wijk aan Zee NED"]
[Date "2006.01.19"]
[Round "5"]
[White "Vescovi,G"]
[Black "Koneru,H"]
[Result "1/2-1/2"]
[WhiteElo "2633"]
[BlackElo "2537"]
[EventDate "2006.01.14"]

1. e4 e5 2. Nf3 Nf6 3. Nxe5 d6 4. Nf3 Nxe4 5. Nc3 Nf6 6. d4 Be7 7. Bd3 O-O
8. h3 Re8 9. O-O c6 10. Ne2 Nbd7 11. Ng3 Nf8 12. Re1 Ne6 13. c3 Bf8 14. Bd2
Bd7 15. c4 g6 16. Qc2 Bg7 17. Rad1 Qc7 18. Qc1 Nf8 19. Be3 b6 20. Bb1 Re7
21. Bf4 Rxe1+ 22. Rxe1 Ne6 23. Bh6 Re8 24. Qd2 Qd8 25. Be3 Bc8 26. Bc2
1/2-1/2

[Event "Corus B"]
[Site "Wijk aan Zee NED"]
[Date "2006.01.20"]
[Round "6"]
[White "Jobava,Ba"]
[Black "Cheparinov,I"]
[Result "1-0"]
[WhiteElo "2614"]
[BlackElo "2625"]
[EventDate "2006.01.14"]

1. d4 d5 2. Nf3 Nf6 3. c4 c6 4. Nc3 e6 5. Bg5 dxc4 6. e4 b5 7. e5 h6 8. Bh4
g5 9. exf6 gxh4 10. Ne5 Qxf6 11. g3 Nd7 12. Qe2 c5 13. Nc6 Bb7 14. Nd5 Bxc6
15. Nxf6+ Nxf6 16. d5 Nxd5 17. Bg2 Bg7 18. a4 O-O 19. axb5 Bxb5 20. O-O a6
21. Qh5 hxg3 22. fxg3 Rad8 23. Rf2 Ne3 24. Bf3 Nf5 25. g4 Nd4 26. Be4 f5
27. gxf5 exf5 28. Bg2 Rde8 29. Kh1 Kh8 30. Rg1 Re5 31. Bb7 Be8 32. Qh4 Rf7
33. Ba8 f4 34. Rfg2 Nf5 35. Qxf4 Ne3 36. Rxg7 1-0

[Event "Corus B"]
[Site "Wijk aan Zee NED"]
[Date "2006.01.21"]
[Round "7"]
[White "Cheparinov,I"]
[Black "Stellwagen,D"]
[Result "1-0"]
[WhiteElo "2625"]
[BlackElo "2573"]
[EventDate "2006.01.14"]

1. e4 e6 2. d4 d5 3. Nc3 Nf6 4. e5 Nfd7 5. f4 c5 6. Nf3 Nc6 7. Be3 cxd4 8.
Nxd4 Bc5 9. Qd2 O-O 10. O-O-O a6 11. Qf2 Bxd4 12. Bxd4 b5 13. Be3 b4 14.
Na4 a5 15. h4 Ba6 16. h5 Bxf1 17. Rhxf1 f6 18. h6 g6 19. exf6 Nxf6 20. Qe2
Ne4 21. Qb5 Rc8 22. Nb6 Rc7 23. Kb1 Qd6 24. g4 Na7 25. Qxa5 Qc6 26. Ka1 Qb5
27. Qxb5 Nxb5 28. f5 Rcf7 29. Rg1 exf5 30. gxf5 Rxf5 31. Nxd5 Rf3 32. Rge1
Nbd6 33. Nxb4 Nf5 34. Bc1 Nf2 35. Rd7 Ng4 36. a4 Ra8 37. b3 Ngxh6 38. Nd5
Ng4 39. Re4 h5 40. Rxg4 hxg4 41. Nf6+ Kf8 42. Ba3+ Ne7 43. Rxe7 Rxa4 44.
Nd7+ Kg8 45. bxa4 Rxa3+ 46. Kb2 Rxa4 47. Nf6+ Kf8 48. Re4 1-0

[Event "Corus B"]
[Site "Wijk aan Zee NED"]
[Date "2006.01.28"]
[Round "12"]
[White "Koneru,H"]
[Black "Stellwagen,D"]
[Result "1-0"]
[WhiteElo "2537"]
[BlackElo "2573"]
[EventDate "2006.01.14"]

1. d4 Nf6 2. c4 g6 3. Nf3 Bg7 4. g3 O-O 5. Bg2 d6 6. O-O Nbd7 7. Qc2 e5 8.
Rd1 Re8 9. Nc3 e4 10. Ng5 e3 11. f4 c6 12. Qb3 Nf8 13. Rd3 Bf5 14. Rxe3
Rxe3 15. Bxe3 Ng4 16. Bf2 Nxf2 17. Kxf2 Bxd4+ 18. e3 Bf6 19. Nge4 Be7 20.
Rd1 Qc7 21. Ne2 Re8 22. Nd4 Bxe4 23. Bxe4 Nd7 24. Bf3 Bf6 25. Qa3 a6 26. b4
Nb6 27. Qd3 Qe7 28. Nc2 Rd8 29. e4 Qe6 30. Ne3 c5 31. bxc5 dxc5 32. Nd5
Bd4+ 33. Kg2 Nd7 34. Rb1 Rb8 35. a4 Kg7 36. h4 Qc6 37. Qb3 h5 38. e5 Qe6
39. Nc7 Qe7 40. Bxb7 f6 41. e6 Nf8 42. Qb6 Kh6 43. Re1 Bc3 44. Re2 Rxb7 45.
Qxb7 Ba5 46. Nd5 Qxb7 47. e7 1-0

[Event "Corus B"]
[Site "Wijk aan Zee NED"]
[Date "2006.01.29"]
[Round "13"]
[White "Smeets,J"]
[Black "Vescovi,G"]
[Result "0-1"]
[WhiteElo "2550"]
[BlackElo "2633"]
[EventDate "2006.01.14"]

1. e4 e5 2. Nf3 Nc6 3. Bb5 a6 4. Ba4 Nf6 5. O-O Be7 6. Re1 b5 7. Bb3 O-O 8.
d4 d6 9. c3 Bg4 10. Be3 exd4 11. cxd4 Na5 12. Bc2 Nc4 13. Bc1 c5 14. b3 Nb6
15. Nbd2 Rc8 16. h3 Bh5 17. g4 Bg6 18. d5 Nfd7 19. Nf1 Bf6 20. Rb1 Re8 21.
N3h2 Bd4 22. Re2 Qh4 23. Kg2 Rxe4 24. Nf3 Rxe2 25. Qxe2 Qd8 26. Bxg6 hxg6
27. Nxd4 cxd4 28. Qe4 Nf6 29. Qxd4 Nbxd5 30. Bg5 Qe8 31. Ng3 Rc2 32. Rb2
Qc6 33. Kf1 Rxb2 34. Qxb2 Nd7 35. Ne4 Ne3+ 36. Bxe3 Qxe4 37. Ke2 Ne5 38.
Qd4 Qf3+ 39. Kd2 Qc6 40. Ke2 f6 41. f4 Qg2+ 42. Kd1 Nf7 43. g5 fxg5 44.
fxg5 Qxa2 45. Qd5 Qb1+ 46. Kd2 Qf5 47. Qa8+ Kh7 48. Qxa6 Nxg5 0-1

[Event "Corus B"]
[Site "Wijk aan Zee NED"]
[Date "2006.01.29"]
[Round "13"]
[White "L'Ami,E"]
[Black "Navara,D"]
[Result "1/2-1/2"]
[WhiteElo "2550"]
[BlackElo "2660"]
[EventDate "2006.01.14"]

1. d4 Nf6 2. c4 e6 3. Nc3 c5 4. Nf3 cxd4 5. Nxd4 Nc6 6. Ndb5 Bb4 7. a3
Bxc3+ 8. Nxc3 d5 9. cxd5 exd5 10. e3 O-O 11. Be2 Bf5 12. O-O Rc8 13. Bd2
Ne5 14. Qb3 Nc4 15. Rfd1 Qb6 16. Qxb6 axb6 17. Bxc4 dxc4 18. f3 Bc2 19.
Rdc1 Bb3 20. e4 Rcd8 21. Be3 Nd7 22. Nd5 b5 23. Bd4 Nb8 24. Bc3 Nc6 25. g4
Rd7 26. h4 Rfd8 27. h5 Ne7 28. Ne3 h6 29. Rf1 f6 30. Rae1 Nc6 31. Nd5 Kf7
32. Rf2 Ne7 33. Ne3 Nc6 34. Kg2 Re8 35. Ree2 Red8 36. Rd2 Rd3 37. Nd5 Ne5
38. Bxe5 fxe5 39. Rxd3 cxd3 40. Rd2 Bxd5 41. Rxd3 Ke6 42. exd5+ Rxd5 43.
Rb3 Kf6 44. Kg3 Rc5 45. Kf2 g6 46. hxg6 Kxg6 47. Ke3 h5 48. gxh5+ Kxh5 49.
Ke4 Kg5 50. Rd3 Rc2 51. b4 Re2+ 52. Kd5 Kf4 53. Kd6 Rc2 54. Kd5 Rc6 55. Rb3
1/2-1/2